000 00964nam a2200253Ia 4500
003 OSt
005 20220923225213.0
006 a|||||r|||| 00| 0
007 ta
008 220922b |||||||| |||| 00| 0 hin d
024 _a259,964
037 _cTextual
040 _aARTS
_cARTS
_bhin
041 _2hin
_ahin
082 _aQ21:224:g(Y:1), 152N2
100 _aदुबे, हरि नारायण; राय, उदय नारायण
_9168493
245 0 _aवामन पुराण
_b एक सांस्कृतिक अनुशीलन
246 _aVāhin purāṇa: ek sāanskṛutik anushīlana
260 _aइलाहाबाद
_b शारदा पुस्तक भवन
_c1992
300 _a350पृ.
_ccm.
650 _aधर्म
942 _hQ21:224:g(Y:1), 152N2
_cTEXL
_2CC
999 _c376701
_d376701